| 000 | 00565nam a2200181Ia 4500 | ||
|---|---|---|---|
| 003 | GCL | ||
| 008 | 140319s9999 xx 000 0 ara d | ||
| 040 |
_aGCL / _cGCL |
||
| 082 | 0 | 4 |
_a823.03 _bم ج |
| 100 | 1 | _aمحى الدين محمد | |
| 245 | 1 | 0 |
_aالجزر الوحشية / _cمحى الدين محمد |
| 700 | 1 | _aملفيل , هرمن | |
| 300 | _a342 ص | ||
| 490 |
_aروائع القصص العالمى _v0 |
||
| 650 | 0 | 4 | _aالقصص الانجليزية المترجمة |
| 650 | 0 | 4 | _aالادب الانجليزى المترجم |
| 942 |
_2ddc _cBK |
||
| 999 |
_c47035 _d47035 |
||